[Event "10th American Continental"]
[Site "Montevideo URU"]
[Date "2015.05.19"]
[Round "6.70"]
[White "Perez, Jose Luis"]
[Black "Fein, Jorge"]
[Result "0-1"]
[WhiteElo "1543"]
[BlackElo "1790"]
[WhiteFideId "3001466"]
[BlackFideId "3003914"]
[EventDate "2015.05.15"]
[EventType "swiss"]

1. d4 Nf6 2. Nf3 e6 3. e3 b6 4. Bd3 Bb7 5. Nbd2 d6 6. b3 Nbd7 7. Bb2 Be7 8. O-O
O-O 9. c4 Re8 10. Rc1 Bf8 11. e4 e5 12. d5 g6 13. b4 c5 14. b5 Bc8 15. h3 Nh5
16. g3 Ndf6 17. Kh2 Qd7 18. Ng1 Bh6 19. f4 exf4 20. g4 Nxg4+ 21. hxg4 Ng3 22.
Rf2 Qe7 23. Nh3 Qh4 24. Nf3 Qxg4 25. Nfg1 Qh4 26. Qf3 Bg4 27. Qg2 f3 28. Nxf3
Qxh3+ 29. Qxh3 Bxh3 30. Re1 Nxe4 31. Rfe2 Bg4 32. Bxe4 f5 33. Bd3 Rxe2+ 34. Bxe2
Re8 35. Kg3 Bxf3 36. Kxf3 Re3+ 37. Kf2 Re4 38. Bd3 Rh4 39. Kg2 Rg4+ 40. Kf3 Rf4+
41. Kg3 Rg4+ 42. Kh3 Kf7 43. Re6 Bf4 44. Be2 Rg3+ 45. Kh4 g5+ 0-1

[Event "10th American Continental"]
[Site "Montevideo URU"]
[Date "2015.05.19"]
[Round "6.71"]
[White "Pelaez, Diego"]
[Black "Toledo, Javier"]
[Result "0-1"]
[WhiteElo "1567"]
[BlackElo "1769"]
[WhiteFideId "3006476"]
[BlackFideId "3007502"]
[EventDate "2015.05.15"]
[EventType "swiss"]

1. d4 f5 2. c4 e6 3. Nc3 Nf6 4. g3 d5 5. Bg2 c6 6. cxd5 exd5 7. Nf3 Bd6 8. O-O
O-O 9. Bg5 h6 10. Bd2 Nbd7 11. a3 Ne4 12. Nxe4 fxe4 13. Nh4 g5 14. Ng6 Rf6 15.
Ne5 Nxe5 16. dxe5 Bxe5 17. Qc1 Rf7 18. h3 Qb6 19. Rb1 Bf5 20. e3 Qc7 21. Qe1
Raf8 22. Bc3 Bxc3 23. Qxc3 Qc8 24. Kh2 Bg6 25. Qd2 h5 26. b4 b6 27. Rb2 Qc7 28.
Kg1 Qe5 29. Rc2 Rc7 30. a4 Rfc8 31. Rfc1 c5 32. bxc5 bxc5 33. Qa5 c4 34. Rd2 Bf7
35. Rd4 Qe7 36. Rxd5 Bxd5 37. Qxd5+ Kg7 38. Bxe4 Rc5 39. Qd4+ Kh6 40. Bg2 c3 41.
h4 gxh4 42. Qf4+ Qg5 43. Qd6+ Qg6 44. Qf4+ Kg7 45. Qd4+ Qf6 46. Qd7+ Kh8 47. Be4
Qg7 48. Qd1 hxg3 49. f3 h4 50. f4 h3 51. Rc2 Rb8 52. f5 Kg8 53. Bd5+ Kh8 54. f6
Qg5 55. Bf3 Qxe3+ 56. Kh1 Qxf3+ 0-1

[Event "10th American Continental"]
[Site "Montevideo URU"]
[Date "2015.05.19"]
[Round "6.73"]
[White "Perez, Cecilia Manuela"]
[Black "Nakle, Gonzalo"]
[Result "1-0"]
[WhiteElo "1525"]
[BlackElo "1737"]
[WhiteFideId "3003191"]
[BlackFideId "3002250"]
[EventDate "2015.05.15"]
[EventType "swiss"]

1. Nf3 Nf6 2. g3 c5 3. Bg2 Nc6 4. O-O g6 5. d3 Bg7 6. e4 d6 7. Nbd2 O-O 8. a4
Rb8 9. Nc4 Bg4 10. Re1 Nd4 11. Ncd2 Qd7 12. c3 Nxf3+ 13. Nxf3 Bh3 14. Bh1 Qg4
15. Bf4 Qh5 16. Qd2 Bg4 17. Qe3 e5 18. Bg5 Nd7 19. Be7 Bh6 20. Bg5 Bxf3 21. Bxh6
Bxh1 22. Bxf8 Nf6 23. Qh6 Rxf8 24. Qxh5 Nxh5 25. Kxh1 f5 26. exf5 gxf5 27. Kg1
Kf7 28. Rab1 Rc8 29. b3 Nf6 30. Rbc1 Nd5 31. Kf1 Ne7 32. Ke2 d5 33. Kd2 Kf6 34.
Re2 Nc6 35. Kd1 d4 36. cxd4 Nxd4 37. Rb2 Ne6 38. Rbc2 Rd8 39. Ke2 Nd4+ 40. Ke3
Nxc2+ 41. Rxc2 b6 42. Rc4 Rd4 43. f4 h5 44. fxe5+ Kxe5 45. Rxd4 cxd4+ 46. Kf3 a5
47. h3 Kf6 48. Kf4 Ke6 49. Kg5 Ke5 50. h4 Ke6 51. Kxh5 f4 52. Kg4 fxg3 53. Kxg3
Kf5 54. Kf3 1-0

[Event "10th American Continental"]
[Site "Montevideo URU"]
[Date "2015.05.19"]
[Round "6.74"]
[White "Anza, Vicenzo"]
[Black "Porteiro, Rodrigo"]
[Result "1/2-1/2"]
[WhiteElo "1486"]
[BlackElo "1727"]
[WhiteFideId "3007510"]
[BlackFideId "3006140"]
[EventDate "2015.05.15"]
[EventType "swiss"]

1. e4 c6 2. d3 d5 3. Nd2 e5 4. Ngf3 Bd6 5. g3 Nf6 6. Bg2 O-O 7. O-O Re8 8. Re1
Nbd7 9. Nf1 d4 10. h4 c5 11. c4 Nf8 12. N1h2 Bc7 13. Bd2 Ba5 14. b3 Bxd2 15.
Nxd2 Bd7 16. h5 h6 17. f4 N6h7 18. f5 Ng5 19. Ndf3 Nfh7 20. Rf1 Kh8 21. Rf2 Rc8
22. Qd2 Rc6 23. Raf1 a6 24. Nxg5 Nxg5 25. Nf3 Nh7 26. Nh4 Nf6 27. Kh1 Nxh5 28.
Kh2 Nf6 29. Bh3 Nh7 30. f6 Nxf6 31. Rxf6 Bxh3 32. Rxc6 Bxf1 33. Rxh6+ Kg8 34.
Rh5 Re6 35. Nf5 Qf6 36. Kg1 1/2-1/2

[Event "10th American Continental"]
[Site "Montevideo URU"]
[Date "2015.05.19"]
[Round "6.76"]
[White "Croes, Octavio"]
[Black "Larrea, Osvaldo"]
[Result "1-0"]
[WhiteTitle "CM"]
[WhiteElo "1887"]
[BlackElo "1843"]
[WhiteFideId "1007220"]
[BlackFideId "3004546"]
[EventDate "2015.05.15"]
[EventType "swiss"]

1. d4 f5 2. g3 Nf6 3. Bg2 e6 4. Nf3 Be7 5. c4 Bb4+ 6. Bd2 Bxd2+ 7. Nbxd2 O-O 8.
O-O Nc6 9. Re1 Qe8 10. Qb3 Na5 11. Qc3 Nc6 12. e4 Qg6 13. Nh4 Qh5 14. exf5 exf5
15. d5 Nd8 16. Re7 Nf7 17. Rae1 f4 18. Ne4 Nxe4 19. Bxe4 fxg3 20. fxg3 Qg5 21.
Bb1 Qf6 22. Qxf6 gxf6 23. c5 b6 24. d6 bxc5 25. dxc7 d6 26. Be4 1-0

[Event "10th American Continental"]
[Site "Montevideo URU"]
[Date "2015.05.20"]
[Round "7.1"]
[White "Lenderman, Aleksandr"]
[Black "Cori, Jorge"]
[Result "1-0"]
[WhiteTitle "GM"]
[BlackTitle "GM"]
[WhiteElo "2636"]
[BlackElo "2609"]
[WhiteFideId "2021285"]
[BlackFideId "3802272"]
[EventDate "2015.05.15"]
[EventType "swiss"]

1. d4 Nf6 2. c4 c6 3. Nc3 d5 4. Nf3 a6 5. a4 g6 6. Bf4 Bg7 7. e3 O-O 8. h3 c5 9.
dxc5 Ne4 10. Rc1 Nxc3 11. bxc3 dxc4 12. Qxd8 Rxd8 13. Bxc4 Nd7 14. Ng5 Rf8 15.
Ne4 Ne5 16. Bxe5 Bxe5 17. f4 Bg7 18. Kf2 Bf5 19. Bd5 Rfd8 20. Bxb7 Ra7 21. g4
Rxb7 22. gxf5 gxf5 23. Ng3 e6 24. Rhd1 Rc8 25. e4 Kf8 26. exf5 Rxc5 27. fxe6
fxe6 28. Ne4 Rc4 29. Kf3 Rbc7 30. Rd6 Ke7 31. Rxa6 Bxc3 32. a5 h6 33. Rg1 Rc8
34. Rg6 R4c6 35. Rxc6 Rxc6 36. f5 Bxa5 37. Rxh6 Bc3 38. f6+ Kf8 39. Ng5 Kg8 40.
Rg6+ Kf8 41. Nh7+ 1-0

[Event "10th American Continental"]
[Site "Montevideo URU"]
[Date "2015.05.20"]
[Round "7.2"]
[White "Hevia Alejano, Carlos Antonio"]
[Black "Shabalov, Alexander"]
[Result "0-1"]
[WhiteTitle "IM"]
[BlackTitle "GM"]
[WhiteElo "2535"]
[BlackElo "2523"]
[WhiteFideId "3508811"]
[BlackFideId "2008572"]
[EventDate "2015.05.15"]
[EventType "swiss"]

1. e4 c6 2. d4 d5 3. e5 Bf5 4. Nf3 e6 5. Be2 Ne7 6. O-O Nd7 7. Nh4 Be4 8. Nd2 c5
9. Nxe4 dxe4 10. c3 Nc6 11. g3 Qb6 12. Be3 Rd8 13. Qa4 Qxb2 14. Bb5 Qxc3 15.
Bxc6 bxc6 16. Rfc1 Qb4 17. Qxc6 Be7 18. Rab1 Qa3 19. dxc5 O-O 20. Rb7 Nxe5 21.
Qxe4 Nd3 22. Rb3 Qa6 23. Rcc3 Nxc5 24. Bxc5 Rd1+ 25. Kg2 Qf1+ 26. Kf3 Qh1+ 27.
Ng2 Bxc5 28. Rxc5 Rg1 0-1

[Event "10th American Continental"]
[Site "Montevideo URU"]
[Date "2015.05.20"]
[Round "7.3"]
[White "Pichot, Alan"]
[Black "El Debs, Felipe de Cresce"]
[Result "1/2-1/2"]
[WhiteTitle "IM"]
[BlackTitle "GM"]
[WhiteElo "2504"]
[BlackElo "2527"]
[WhiteFideId "110973"]
[BlackFideId "2106981"]
[EventDate "2015.05.15"]
[EventType "swiss"]

1. e4 c5 2. Nf3 g6 3. d4 cxd4 4. Qxd4 Nf6 5. e5 Nc6 6. Qa4 Nd5 7. Qe4 Nb6 8. Nc3
Bg7 9. Bf4 O-O 10. O-O-O d5 11. exd6 Bxc3 12. dxe7 Qxe7 13. Qxe7 Bxb2+ 14. Kxb2
Nxe7 15. Nd4 Bg4 16. f3 Bd7 17. Bd6 1/2-1/2

[Event "10th American Continental"]
[Site "Montevideo URU"]
[Date "2015.05.20"]
[Round "7.4"]
[White "Mekhitarian, Krikor Sevag"]
[Black "Di Berardino, Diego Rafael"]
[Result "1/2-1/2"]
[WhiteTitle "GM"]
[BlackTitle "IM"]
[WhiteElo "2572"]
[BlackElo "2489"]
[WhiteFideId "2107660"]
[BlackFideId "2105446"]
[EventDate "2015.05.15"]
[EventType "swiss"]

1. e4 c5 2. Nf3 d6 3. d4 cxd4 4. Nxd4 Nf6 5. Nc3 a6 6. h3 e6 7. g4 Nc6 8. g5 Nd7
9. Be3 Be7 10. h4 O-O 11. f4 Qa5 12. h5 Nxd4 13. Qxd4 e5 14. Qd2 exf4 15. Bxf4
Ne5 16. O-O-O Re8 17. Kb1 Be6 18. Nd5 Bd8 19. Qg2 Rc8 20. g6 Bxd5 21. Rxd5 Qe1+
22. Bc1 Qb4 23. a3 Qb6 24. Be2 Bf6 25. gxh7+ Kxh7 26. h6 g6 27. Rf1 Qc7 28. Rxf6
Qxc2+ 29. Ka2 Qxc1 30. Rxe5 Rxe5 31. Rxf7+ Kxh6 32. Qh3+ Rh5 33. Qd7 Rc2 34.
Rh7+ Kg5 35. Rxh5+ gxh5 36. Qf5+ Kh4 37. Qxh5+ Kg3 38. Qf3+ Kh2 39. Qf2+ Kh3 40.
Qf3+ Kh2 41. Qf2+ Kh3 42. Qf3+ 1/2-1/2

[Event "10th American Continental"]
[Site "Montevideo URU"]
[Date "2015.05.20"]
[Round "7.5"]
[White "Yermolinsky, Alex"]
[Black "Granda Zuniga, Julio E"]
[Result "1-0"]
[WhiteTitle "GM"]
[BlackTitle "GM"]
[WhiteElo "2531"]
[BlackElo "2650"]
[WhiteFideId "2005492"]
[BlackFideId "3800024"]
[EventDate "2015.05.15"]
[EventType "swiss"]

1. d4 Nf6 2. c4 e6 3. Nf3 b6 4. a3 c5 5. d5 Ba6 6. Nc3 Bxc4 7. e4 Bxf1 8. Rxf1
d6 9. dxe6 fxe6 10. e5 dxe5 11. Qxd8+ Kxd8 12. Nxe5 Kc8 13. Bg5 Be7 14. O-O-O
Nfd7 15. Nf7 Rf8 16. Nd6+ Bxd6 17. Rxd6 e5 18. f3 Nf6 19. Rfd1 Kb7 20. Bxf6 Rxf6
21. Rd8 Rf7 22. Ne4 1-0

[Event "10th American Continental"]
[Site "Montevideo URU"]
[Date "2015.05.20"]
[Round "7.6"]
[White "Bachmann, Axel"]
[Black "Gonzalez Vidal, Yuri"]
[Result "1/2-1/2"]
[WhiteTitle "GM"]
[BlackTitle "GM"]
[WhiteElo "2636"]
[BlackElo "2550"]
[WhiteFideId "3700488"]
[BlackFideId "3503321"]
[EventDate "2015.05.15"]
[EventType "swiss"]

1. d4 Nf6 2. c4 e6 3. Nc3 Bb4 4. Nf3 d5 5. g3 O-O 6. Bg2 dxc4 7. O-O Nc6 8. a3
Be7 9. e4 Na5 10. Bf4 c6 11. Qc2 b5 12. Rad1 Bb7 13. h4 h6 14. Ne5 Re8 15. g4
Nb3 16. Be3 Nd7 17. Nxd7 Qxd7 18. e5 Rad8 19. f4 Qc8 20. f5 Bxh4 21. f6 c5 22.
Bxb7 Qxb7 23. dxc5 Bg3 24. Ne4 Bxe5 25. fxg7 Rd3 26. Qg2 Qd5 27. Qf3 f5 28. gxf5
Nd4 29. Qh5 Qxe4 30. Qxe8+ Kxg7 31. Qe7+ Kg8 32. Qe8+ Kg7 33. Qg6+ Kh8 34. Qxh6+
Kg8 35. Qg5+ Kh7 36. Qh5+ Kg8 37. Qe8+ Kh7 38. Qg6+ Kh8 39. Qh6+ Kg8 40. Qg5+
Kh7 41. Rxd3 cxd3 42. Qh5+ Kg8 43. Qg5+ Kh7 44. Qg6+ Kh8 45. Qh6+ Kg8 46. Rf2
Bg7 47. Qf4 Ne2+ 48. Rxe2 dxe2 49. Qxe4 e1=Q+ 50. Kg2 Qe2+ 51. Kg3 exf5 52. Qe6+
Kh8 53. Qc8+ Kh7 54. Qxf5+ Kh8 55. Qc8+ Kh7 56. Qh3+ Kg8 57. Qc8+ Kf7 58. Qd7+
Kf8 59. Qd6+ Kf7 60. Qd5+ Kg6 61. Qe6+ Bf6 62. Qe4+ Kf7 63. Qd5+ Kg6 64. Qe4+
Kf7 65. Qh7+ Ke6 66. Qg8+ Kf5 67. Qh7+ Ke6 68. Qg8+ Kf5 69. Qc8+ Ke4 70. Qc6+
Kf5 71. Qc8+ Ke4 72. Qc6+ Kf5 73. Qc8+ 1/2-1/2

[Event "10th American Continental"]
[Site "Montevideo URU"]
[Date "2015.05.20"]
[Round "7.8"]
[White "Mareco, Sandro"]
[Black "Perez Ponsa, Federico"]
[Result "1/2-1/2"]
[WhiteTitle "GM"]
[BlackTitle "GM"]
[WhiteElo "2581"]
[BlackElo "2533"]
[WhiteFideId "112275"]
[BlackFideId "117927"]
[EventDate "2015.05.15"]
[EventType "swiss"]

1. d4 Nf6 2. c4 e6 3. Nf3 d5 4. g3 Be7 5. Bg2 O-O 6. O-O dxc4 7. Qc2 a6 8. Qxc4
b5 9. Qc2 Bb7 10. Bd2 Be4 11. Qc1 c6 12. Be3 Nbd7 13. Nc3 Bg6 14. Bg5 Rc8 15.
Rd1 Nd5 16. Bxe7 Qxe7 17. Qd2 b4 18. Na4 c5 1/2-1/2

[Event "10th American Continental"]
[Site "Montevideo URU"]
[Date "2015.05.20"]
[Round "7.10"]
[White "Alonso, Salvador"]
[Black "Flores, Diego"]
[Result "0-1"]
[WhiteTitle "GM"]
[BlackTitle "GM"]
[WhiteElo "2488"]
[BlackElo "2567"]
[WhiteFideId "105198"]
[BlackFideId "108049"]
[EventDate "2015.05.15"]
[EventType "swiss"]

1. e4 c5 2. Nf3 e6 3. d4 cxd4 4. Nxd4 a6 5. Bd3 Ne7 6. Nc3 Nbc6 7. Nb3 Ng6 8.
Be3 b5 9. f4 Bb7 10. Qd2 Rc8 11. O-O-O Nb4 12. Be2 Nxc2 13. Bb6 Qe7 14. Nc5 d6
15. Qxc2 Nxf4 16. Bxb5+ axb5 17. Nxb5 Qg5 18. h4 Nd3+ 19. Kb1 Nxc5 20. Nc7+ Kd7
21. Nd5 Qg6 22. Bxc5 Bxd5 23. Rxd5 exd5 24. Qa4+ Ke7 25. Qa7+ Ke6 26. Re1 Rxc5
27. h5 Qxh5 28. exd5+ Kf6 29. Rf1+ Kg5 30. Qa3 Kg6 31. Qd3+ f5 32. Qe3 f4 0-1

[Event "10th American Continental"]
[Site "Montevideo URU"]
[Date "2015.05.20"]
[Round "7.11"]
[White "Quesada Perez, Yuniesky"]
[Black "Escalante Ramirez, Brian Sebasti"]
[Result "1-0"]
[WhiteTitle "GM"]
[WhiteElo "2645"]
[BlackElo "2373"]
[WhiteFideId "3504409"]
[BlackFideId "3819566"]
[EventDate "2015.05.15"]
[EventType "swiss"]

1. e4 e6 2. d4 d5 3. Nc3 Bb4 4. e5 Ne7 5. a3 Bxc3+ 6. bxc3 c5 7. h4 Qa5 8. Bd2
Nbc6 9. h5 cxd4 10. cxd4 Qa4 11. h6 Qxd4 12. Nf3 Qe4+ 13. Be2 gxh6 14. Rh4 Qg6
15. g3 Nf5 16. Bd3 h5 17. Rf4 Qg7 18. Qe2 Bd7 19. Rb1 b6 20. Kf1 Rg8 21. Bxf5
exf5 22. Kg2 Ne7 23. Rd4 Rc8 24. Rh1 Rxc2 25. Rxh5 Bc6 26. Qd3 Rc4 27. Bg5 Rxd4
28. Qxd4 f4 29. Qb4 Nc8 30. Rh6 Bd7 31. Qxf4 Be6 32. Qa4+ Bd7 33. Qd4 Qf8 34.
Rxh7 Qc5 35. Qf4 Be6 36. Nd4 1-0

[Event "10th American Continental"]
[Site "Montevideo URU"]
[Date "2015.05.20"]
[Round "7.12"]
[White "Supi, Luis Paulo"]
[Black "Cordova, Emilio"]
[Result "1/2-1/2"]
[WhiteTitle "IM"]
[BlackTitle "GM"]
[WhiteElo "2416"]
[BlackElo "2629"]
[WhiteFideId "2106388"]
[BlackFideId "3801497"]
[EventDate "2015.05.15"]
[EventType "swiss"]

1. d4 e6 2. c4 b6 3. e4 Bb7 4. Bd3 Bb4+ 5. Bd2 Bxd2+ 6. Qxd2 f5 7. Nc3 Nf6 8. f3
fxe4 9. fxe4 Nc6 10. Nf3 Nb4 11. Bb1 O-O 12. O-O d6 13. d5 e5 14. a3 Na6 15. Bc2
Nb8 16. b4 a5 17. Ng5 Bc8 18. b5 Qe7 19. c5 bxc5 20. Bb3 a4 21. Ba2 Nbd7 22. Ne6
Nb6 23. Nxc5 g6 24. Ne6 Bxe6 25. dxe6 Kg7 26. Rac1 Nh5 27. Nd5 Nxd5 28. Bxd5
Rxf1+ 29. Rxf1 Rf8 30. g3 Rxf1+ 31. Kxf1 Nf6 32. Qd1 Qf8 33. Kg2 h5 34. Qxa4 Qb8
35. Qa8 Qxb5 36. Qa7 Qe2+ 37. Kg1 Qe1+ 1/2-1/2

[Event "10th American Continental"]
[Site "Montevideo URU"]
[Date "2015.05.20"]
[Round "7.13"]
[White "Iturrizaga Bonelli, Eduardo"]
[Black "Van Riemsdijk, Herman C."]
[Result "1-0"]
[WhiteTitle "GM"]
[BlackTitle "IM"]
[WhiteElo "2613"]
[BlackElo "2352"]
[WhiteFideId "3901211"]
[BlackFideId "2100053"]
[EventDate "2015.05.15"]
[EventType "swiss"]

1. d4 Nf6 2. Nf3 e6 3. c4 d5 4. g3 Be7 5. Bg2 O-O 6. O-O dxc4 7. Qc2 a6 8. Qxc4
b5 9. Qc2 Bb7 10. Bd2 Be4 11. Qc1 Nbd7 12. Ba5 Rc8 13. Nbd2 Ba8 14. Qc2 Bd6 15.
e4 e5 16. dxe5 Nxe5 17. Nxe5 Bxe5 18. Nb3 Nd7 19. Rfd1 Qe8 20. f4 Bd6 21. e5
Bxg2 22. Qxg2 Be7 23. Rac1 Nb6 24. Bxb6 cxb6 25. Qd5 Qd8 26. Qxd8 Rfxd8 27. Kf2
Kf8 28. Ke3 Ke8 29. Rxd8+ Rxd8 30. Ke4 a5 31. Rc2 b4 32. f5 a4 33. Nd4 Bc5 34.
Rd2 b5 35. Nf3 Rb8 36. b3 Ra8 37. Kd5 Be7 38. Nd4 Rd8+ 39. Ke4 Bc5 40. Nf3 Ra8
41. Rc2 Be7 42. Nd4 axb3 43. axb3 Ra1 44. Rc7 Re1+ 45. Kd5 1-0

[Event "10th American Continental"]
[Site "Montevideo URU"]
[Date "2015.05.20"]
[Round "7.14"]
[White "Paveto, Kevin"]
[Black "Felgaer, Ruben"]
[Result "1/2-1/2"]
[WhiteTitle "FM"]
[BlackTitle "GM"]
[WhiteElo "2400"]
[BlackElo "2582"]
[WhiteFideId "173444"]
[BlackFideId "107069"]
[EventDate "2015.05.15"]
[EventType "swiss"]

1. e4 c5 2. Nf3 e6 3. d4 cxd4 4. Nxd4 a6 5. Bd3 Bc5 6. Nb3 Ba7 7. Qg4 Nf6 8. Qg3
d6 9. Nc3 Nc6 10. O-O b5 11. Kh1 Bb7 12. f4 O-O 13. e5 Nh5 14. Qh3 g6 15. Be2
Ng7 16. Ne4 Nxe5 17. Ng5 h5 18. fxe5 dxe5 19. Bf3 Bxf3 20. Qxf3 f6 21. Ne4 f5
22. Nec5 Qe7 23. Be3 Rac8 24. Nxa6 Rxc2 25. Rac1 e4 26. Qg3 Rxc1 27. Bxc1 e5 28.
Qxg6 Rf6 29. Qg5 Kf7 30. Qh4 Rxa6 31. Qxe4 Kg6 32. Qd3 Rxa2 33. Qxb5 Qe6 34. Rd1
Ra6 35. Nc5 Bxc5 36. Qxc5 Rc6 37. Qe3 Kh7 38. h3 Rc2 39. Qd3 Qc6 40. Bd2 Rxb2
41. Rc1 Qb7 42. Qd6 Qb6 43. Qxb6 Rxb6 44. Rc5 e4 1/2-1/2

[Event "10th American Continental"]
[Site "Montevideo URU"]
[Date "2015.05.20"]
[Round "7.15"]
[White "Kaidanov, Gregory S"]
[Black "Barros Rivadeneira, Cristhian"]
[Result "1-0"]
[WhiteTitle "GM"]
[BlackTitle "IM"]
[WhiteElo "2566"]
[BlackElo "2335"]
[WhiteFideId "2008564"]
[BlackFideId "3609677"]
[EventDate "2015.05.15"]
[EventType "swiss"]

1. d4 Nf6 2. c4 c5 3. d5 b5 4. cxb5 a6 5. bxa6 Bxa6 6. Nc3 d6 7. Nf3 g6 8. e4
Bxf1 9. Kxf1 Bg7 10. g3 O-O 11. Kg2 Nbd7 12. a4 Qb6 13. Qe2 Rfb8 14. Bd2 Qa6 15.
Nb5 Ne8 16. Bc3 Nc7 17. Bxg7 Kxg7 18. b4 f6 19. bxc5 Nxc5 20. e5 fxe5 21. Nxe5
Nxd5 22. Nf3 Qb7 23. Rhb1 Qd7 24. Qc4 Nf6 25. Ng5 Qb7+ 26. Kg1 Qd5 27. Qe2 Rb7
28. h4 Rab8 29. Rd1 Qf5 30. Nd4 Qg4 31. Qc4 e5 32. Nde6+ Nxe6 33. Nxe6+ 1-0

[Event "10th American Continental"]
[Site "Montevideo URU"]
[Date "2015.05.20"]
[Round "7.16"]
[White "Rodriguez Vila, Andres"]
[Black "Michailov, Matias"]
[Result "1-0"]
[WhiteTitle "GM"]
[WhiteElo "2485"]
[BlackElo "2137"]
[WhiteFideId "3000010"]
[BlackFideId "3001571"]
[EventDate "2015.05.15"]
[EventType "swiss"]

1. e4 e6 2. Qe2 c5 3. g3 Nc6 4. Bg2 g6 5. c3 Bg7 6. Nf3 e5 7. Na3 d6 8. Nc4 Nge7
9. Qd3 O-O 10. Qxd6 b5 11. Qxd8 Rxd8 12. Ne3 Bb7 13. Ke2 c4 14. Rd1 f5 15. Ng5
Rd6 16. d3 h6 17. dxc4 Rxd1 18. Nxd1 hxg5 19. cxb5 Nd8 20. Bxg5 Kf7 21. Ne3 fxe4
22. Rd1 Bf6 23. Bxf6 Kxf6 24. Rd6+ Kf7 25. Nc4 Nf5 26. Nxe5+ Ke7 27. Rxg6 Ne6
28. Nc6+ Kf7 29. Rg4 a6 30. Bxe4 axb5 31. Ne5+ 1-0

[Event "10th American Continental"]
[Site "Montevideo URU"]
[Date "2015.05.20"]
[Round "7.17"]
[White "Henriquez Villagra, Cristobal"]
[Black "Sanhueza, Cristian"]
[Result "1-0"]
[WhiteTitle "IM"]
[WhiteElo "2478"]
[BlackElo "2195"]
[WhiteFideId "3409350"]
[BlackFideId "116815"]
[EventDate "2015.05.15"]
[EventType "swiss"]

1. e4 e5 2. Nf3 Nc6 3. Bc4 Nf6 4. Ng5 d5 5. exd5 Na5 6. Bb5+ c6 7. dxc6 bxc6 8.
Bd3 Bd6 9. Nc3 O-O 10. O-O Rb8 11. a3 Bc7 12. b4 Nb7 13. Nge4 Nxe4 14. Bxe4 Qd6
15. g3 f5 16. Bg2 Be6 17. d3 Nd8 18. Be3 Bb6 19. Na4 f4 20. Bc5 Bxc5 21. Nxc5
Bd5 22. Qg4 Rf7 23. Rae1 a5 24. c3 axb4 25. axb4 h6 26. Qh5 g5 27. Be4 Kg7 28.
h4 Bxe4 29. dxe4 Qf6 30. Rd1 Ra8 31. Rd3 fxg3 32. Rxg3 Ra1 33. Qxf7+ Kxf7 34.
Rxa1 Ne6 35. Nd7 Qg7 36. Ra5 Nf4 37. Nxe5+ Ke6 38. Nxc6 Ne2+ 39. Kg2 Nxg3 40.
Nd4+ Kf6 41. Ra6+ Ke5 42. Re6+ Kf4 43. fxg3+ Kg4 44. Nf3 Qh7 45. hxg5 hxg5 46.
Ne5+ Kh5 47. g4+ Kh4 48. Rg6 Qh8 49. Rxg5 1-0

[Event "10th American Continental"]
[Site "Montevideo URU"]
[Date "2015.05.20"]
[Round "7.18"]
[White "Disconzi da Silva, Rodrigo"]
[Black "Vera Siguenas, Deivy"]
[Result "1/2-1/2"]
[WhiteTitle "IM"]
[BlackTitle "IM"]
[WhiteElo "2339"]
[BlackElo "2469"]
[WhiteFideId "2100991"]
[BlackFideId "3804623"]
[EventDate "2015.05.15"]
[EventType "swiss"]

1. c4 Nf6 2. Nc3 g6 3. g3 Bg7 4. Bg2 O-O 5. e4 d6 6. Nge2 c5 7. O-O Nc6 8. d3 a6
9. a4 Ne8 10. Be3 Nc7 11. d4 cxd4 12. Nxd4 Ne6 13. Nde2 Nc5 14. Rb1 Bg4 15. f3
Be6 16. b3 Rb8 17. Qd2 Na5 18. Qc2 Rc8 19. Nd5 Bd7 20. b4 e6 21. Nef4 Bxa4 22.
Qa2 Nxc4 23. Qxc4 Bb5 24. Qa2 Nd3 25. Rfd1 Ne5 26. Bd4 Qe7 27. Kh1 Rc7 28. Nc3
Bc4 29. Qd2 b5 30. Ra1 Ra8 31. Qe3 Bf8 32. Nce2 Nc6 33. Bc3 d5 34. Nd3 Bg7 35.
Bxg7 Kxg7 36. exd5 exd5 37. Qxe7 Rxe7 38. Nec1 a5 39. bxa5 Rxa5 40. Rxa5 Nxa5
41. Nb4 Nb3 42. Ncd3 Ra7 43. f4 d4 44. Kg1 Ra4 45. Bf1 f6 46. Nc6 Ra2 47. Ncb4
Ra4 48. Nc2 Ra2 49. Nde1 Bxf1 50. Kxf1 g5 51. f5 g4 52. Nxd4 Nd2+ 53. Kg1 Ne4
54. Rb1 Rd2 55. Ne6+ Kh6 56. Rxb5 Rd1 57. Kf1 Rd2 58. Nf4 Rxh2 59. Nfg2 Nd6 60.
Rb4 Kg5 61. Ne3 h5 62. N1g2 Rh1+ 63. Kf2 Ra1 64. Rd4 Ra2+ 65. Kg1 Nf7 66. Rc4
Ne5 67. Rc2 Rxc2 68. Nxc2 Kxf5 69. Nd4+ Ke4 70. Ne2 Kf3 71. Kf1 Ng6 72. Ne1+ Ke4
73. Ng2 Kf3 74. Ne1+ Ke4 75. Nc3+ Kd4 76. Ne2+ 1/2-1/2

[Event "10th American Continental"]
[Site "Montevideo URU"]
[Date "2015.05.20"]
[Round "7.19"]
[White "Aranha Filho, Alvaro Z."]
[Black "Molina, Roberto Junio Brito"]
[Result "0-1"]
[WhiteTitle "FM"]
[BlackTitle "IM"]
[WhiteElo "2270"]
[BlackElo "2455"]
[WhiteFideId "2103931"]
[BlackFideId "2109450"]
[EventDate "2015.05.15"]
[EventType "swiss"]

1. d4 Nf6 2. c4 e6 3. Nc3 Bb4 4. Qc2 O-O 5. Nf3 d5 6. cxd5 exd5 7. Bg5 Nbd7 8.
e3 c5 9. Bd3 Qa5 10. O-O c4 11. Bf5 g6 12. Bxd7 Nxd7 13. e4 Nb6 14. e5 Re8 15.
Nh4 Bf8 16. f4 h6 17. Bf6 Nd7 18. Nxg6 Nxf6 19. exf6 Qb6 20. Nxf8 Rxf8 21. Nxd5
Qxd4+ 22. Qf2 Qxf2+ 23. Rxf2 Rd8 24. Rd2 Kh7 25. Rd4 Bf5 26. Rad1 Bd3 27. Re1
Rd6 28. Re7 Kg6 29. g4 Rad8 30. Re5 b5 31. Kf2 Bb1 32. a3 Ba2 33. Ne7+ Kxf6 34.
Rxd6+ Rxd6 35. Nd5+ Kg7 36. Ke3 f6 37. Rh5 a5 38. Nc3 Rd3+ 39. Ke2 Bb3 40. g5
hxg5 41. fxg5 Kg6 42. Rh8 fxg5 43. Ne4 Bd1+ 44. Ke1 Bf3 45. Nc5 Rd1+ 46. Kf2 g4
47. Ne6 Rd2+ 48. Kg3 Rxb2 49. h3 Rb3 50. Nc5 Rxa3 51. hxg4 c3 52. Nd3 c2 53. Nc1
Ra1 0-1